000 00663nam a2200241Ia 4500
003 OSt
005 20220928121405.0
006 a|||||r|||| 00| 0
007 ta
008 220927b |||||||| |||| 00| 0 eng d
024 _a58149
037 _cTextual
040 _aSDCL
_cSDCL
_beng
041 _2eng
_aeng
082 _aR625x6,1, N0
100 _aWada Toshihiro
_9451856
245 0 _aInvariable concomitance .
260 _aDelhi
_bSri Satguru Publications
_c1990
300 _axii.535p.
_ccm.
490 _aSri Garib Dass Oriental Series No - 101.
942 _hR625x6,1, N0
_cTEXL
_2CC
999 _c765858
_d765858